| 000 | 00645cam a22002291 4500 | ||
|---|---|---|---|
| 001 | sa 65008585 | ||
| 003 | DLC | ||
| 005 | 20260227112155.0 | ||
| 008 | 881021s1962 xx 000 0 urdo | ||
| 010 | _asa 65008585 | ||
| 035 | _a(OCoLC)29269000 | ||
| 040 |
_aDLC _cHU _dDLC |
||
| 050 | 0 | 0 |
_aPN1009.U7 _bM35 |
| 110 | 2 | _aMashīr Fāt̤imah. | |
| 245 | 1 | 0 | _aBaccon ke adab kī khuṣūṣīyyāt. |
| 260 | _c[1962] | ||
| 300 |
_a79 p. _c19 cm. |
||
| 500 | _aRomanized. | ||
| 650 | 0 |
_aChildren's literature, Urdu _xHistory and criticism. |
|
| 650 | 0 |
_aChildren _xBooks and reading _zPakistan. |
|
| 650 | 0 |
_aChildren _xBooks and reading _zIndia. |
|
| 999 |
_c65710 _d65710 |
||